000 00757nam a2200229Ii 4500
003 JO-AjNU
008 230605s9999||||xx |||||||||||||| ||und||
017 _a2014/8/4088
020 _a978-9957-72-101-5
040 _aJO-AjNU
_bara
_erda
_cJO-AjNU
041 _aara
050 1 4 _aDS61.6 2016
100 3 _aابو الحاج، زيد صالح,
_eauthor
_960924
245 0 0 _aابن سعد ومنهجه في كتابة التاريخ
250 _aط1
264 3 1 _aعمان: زمزم ناشرون وموزعون، 2016
300 _a234ص
_bيحتوي على مستخلص
336 _atext
_btxt
_2rdacontent
337 _aunmediated
_bn
_2rdamedia
338 _avolume
_bnc
_2rdacarrier
650 4 _aابن سعد - منجيه التاريخ
_960925
999 _aA27508
_c31076
_d31076